Macromedia Dreamweaver 8 : phần nâng cao/

Na minha lista:
Detalhes bibliográficos
Autor principal: Nguyễn, Trường Sinh
Formato: Livro
Idioma:Vietnamese
Publicado em: Lao động xã hội 2007
Tags: Adicionar Tag
Sem tags, seja o primeiro a adicionar uma tag!
Thư viện lưu trữ: Mạng thư viện Đại học Đà Nẵng
LEADER 00709nam a2200265 4500
001 000027771
003 MACROMEDIA
005 20150403120000.0
008 150403s vm 000 vie
020 |c 0,0000 
040 |a notts 
100 |a Nguyễn, Trường Sinh 
245 |a Macromedia Dreamweaver 8 : phần nâng cao/  |c Nguyễn Trường Sinh (chủ biên), Lê MinhHoàng, Hoàng Đức hải. 
260 |b Lao động xã hội  |c 2007 
OWN |a LTT 
999 |a From the UDN01 
TYP |a Monograph 
TYP |a Printed language 
980 |a Mạng thư viện Đại học Đà Nẵng